000 00892cam a22002897a 4500
003 CHAP
005 20220329135009.0
008 971013s1978 r 00010 d
010 _a29251
011 _a30223
035 _a34335
040 _cCHAP
082 _a972.725
_bM3Y
100 0 0 _aMacune, Charles W., Jr.
_969567
245 1 3 _aEl Estado de México y la federación mexicana 1823-1835
260 _aMéxico, D.F. :
_bFCE,
_c1978
300 _a276 p
590 _aBATCH-UPD
_b10
_c20130110
_lUCH01
_h1702
590 _aBATCH-UPD
_b10
_c20130410
_lUCH01
_h1049
590 _aBATCH-UPD
_b10
_c20130914
_lUCH01
_h1545
590 _aCONVERSION
_b10
_c20130109
_lUCH01
_h1317
650 1 4 _aGobierno federal.
_948406
650 1 4 _aMéxico (Edo.)
_xHistoria.
_976831
901 _aBK
942 _cLIBRO
949 _a972.725 M3Y
_bBC
_cLIBRO
_d33724000138921
_eLIBRO
_gI.c/e
_h69588
_i34335
_si
_t2.29
999 _c29251
_d29251